Harry Potter e i Doni della Morte - Capitoli - Statistics

Statistiche generali
  • Questo quiz è stato fatto 45 volte
  • Il punteggio medio è 24 su 37
Statistiche sulle risposte
Titolo % Corretto
E Diciannove anni dopo
83%
26 La Gringott
83%
8 Il matrimonio
79%
31 La Battaglia di Hogwarts
79%
36 La falla nel piano
79%
21 La storia dei Tre Fratelli
79%
16 Godric's Hollow
75%
4 I sette Potter
75%
23 Villa Malfoy
75%
25 Villa Conchiglia
71%
22 I Doni della Morte
67%
35 King's Cross
67%
32 La bacchetta di Sambuco
67%
18 Vita e menzogne di Albus Silente
67%
29 Il diadema perduto
63%
24 Il fabbricante di bacchette
63%
14 Il ladro
63%
17 Il segreto di Bathilda
63%
7 Il testamento di Albus Silente
63%
11 La mazzetta
63%
1 L'ascesa del Signore Oscuro
63%
33 La storia del Principe
63%
20 Xenophilius Lovegood
63%
34 Ancora la foresta
58%
27 Il nascondiglio finale
58%
10 Il racconto di Kreacher
58%
2 In Memoriam
58%
19 La cerva d'argento
58%
12 La magia è potere
58%
30 Il congedo di Severus Piton
54%
5 Il guerriero caduto
54%
3 La partenza dei Dursley
54%
15 La vendetta del folletto
54%
9 Un nascondiglio
54%
6 Il demone in pigiama
50%
13 La Commissione per il censimento dei Nati Babbani
50%
28 Lo specchio mancante
46%
Nessun quiz corrispondente trovato
Distribuzione punteggi
Percentuale di utenti per punteggio
Percentile per numero di risposta
I tuoi punteggi nel tempo
Non hai fatto questo quiz